Представление документа в формате MARC21

Поле Инд. ПП Название Значение
Тип записи a
Библиографический уровень b
001 Контрольный номер 08ac4e2979fc4939a3468cc892a97c2f
005 Дата корректировки 20240911101840.1
080 a Индекс УДК 378.147-054.6:811.161.1
097 b Оператор *Плё*
100 1_ a Автор Жителева Е.А.
245 10 a Заглавие Учебная коммуникация на уроках по РКИ как специфическая речевая деятельность
p Название части/ раздела Текст : электронный
b Продолж. заглавия статья
260 a Место издания Тверь
b Издательство ТвГТУ
c Дата издания 2024
520 0_ a Аннотация Учебная коммуникация рассмотрена как специфическая речевая деятельность в образовательном процессе. Обосновано, что одной из актуальных задач учебной коммуникации является формирование у иностранных обучающихся подготовительного отделения вуза лингвосоциокультурной компетенции. Представлены педагогические технологии, способствующие эффективному достижению данной цели.
653 0_ a Ключевые слова Учебная коммуникация
a Ключевые слова Дидактический диалог
a Ключевые слова Эвристические методики
a Ключевые слова Лингвосоциокультурная компетенция
a Ключевые слова Коммуникативная компетенция
a Ключевые слова Межкультурная коммуникация
a Ключевые слова Коммуникативный сбой
a Ключевые слова Образовательный комикс
700 12 a Другие авторы Розова К.Л.
773 18 w Контрольный № источника c4e9939318e24bb2b11a4700379ef408
t Название источника Обучение иностранцев в вузе и на этапе довузовской подготовки: тенденции и инновации
d Место и дата издания Тверь : ТвГТУ, 2024
z ISBN 978-5-7995-1354-2
g Прочая информация С. 67-72
901 t Тип документа a
950 a Редактор записи вш
951 i EL-ТГТУ? да